[Event "26. Obert Vila de Sant Boi 2014"]
[Site "Sant Boi de Llobregat ESP"]
[Date "2014.04.04"]
[Round "1.1"]
[White "Sanchez Lopez, Juan M"]
[Black "Garcia Ruiz, Adrian"]
[Result "1-0"]
[WhiteElo "2290"]
[BlackElo "1944"]
[PlyCount "99"]
[EventDate "2014.04.04"]
[EventType "swiss"]
[EventRounds "9"]
[EventCountry "ESP"]
[Source "lmi"]
[SourceDate "2014.04.04"]

1. g3 g6 2. Bg2 Bg7 3. c4 c5 4. Nc3 Nc6 5. d3 e6 6. e4 Nge7 7. Be3 d6 8. Nge2
O-O 9. d4 cxd4 10. Nxd4 a6 11. O-O Qc7 12. Rc1 Rd8 13. b3 b6 14. Qd2 Ne5 15. h3
Bb7 16. f4 N5c6 17. Nd5 exd5 18. cxd5 Qd7 19. Nxc6 Nxc6 20. dxc6 Bxc6 21. Bxb6
Re8 22. Rfe1 Qb7 23. Bf2 Bxe4 24. Bxe4 Rxe4 25. Qxd6 Bf8 26. Qc6 Rxe1+ 27. Bxe1
Qxc6 28. Rxc6 Re8 29. Kf2 Re6 30. Rxe6 fxe6 31. Bc3 Bc5+ 32. Kf3 h5 33. b4 Bd6
34. Ke4 Kf7 35. a4 Ke8 36. b5 axb5 37. axb5 Kd7 38. g4 Kc8 39. gxh5 gxh5 40.
Bd4 Kb7 41. f5 exf5+ 42. Kxf5 Bg3 43. Be3 Be1 44. Kg5 h4 45. Kg4 Bg3 46. Kf3
Be1 47. Bf2 Bc3 48. Kg4 Bf6 49. Bxh4 Bd4 50. Bd8 1-0

[Event "26. Obert Vila de Sant Boi 2014"]
[Site "Sant Boi de Llobregat ESP"]
[Date "2014.04.04"]
[Round "1.2"]
[White "Niubo Calvo, Joan"]
[Black "Nieto Farreny, Francesc"]
[Result "0-1"]
[WhiteElo "1934"]
[BlackElo "2285"]
[PlyCount "82"]
[EventDate "2014.04.04"]
[EventType "swiss"]
[EventRounds "9"]
[EventCountry "ESP"]
[Source "lmi"]
[SourceDate "2014.04.04"]

1. e4 c5 2. Nf3 Nc6 3. d4 cxd4 4. Nxd4 g6 5. Be3 Nf6 6. Nc3 Bg7 7. Qd2 Ng4 8.
Nxc6 bxc6 9. Bg5 Qa5 10. Be2 Nf6 11. O-O Rb8 12. Rab1 d6 13. Bh6 O-O 14. Bxg7
Kxg7 15. Rfd1 Be6 16. a3 Rfd8 17. Qe3 Nd7 18. Kh1 Qb6 19. Qg3 a5 20. f4 f6 21.
h4 Kh8 22. Bd3 Qc5 23. Re1 Rg8 24. Qf3 Bf7 25. Qh3 Rgd8 26. Rbd1 e5 27. f5 gxf5
28. Qxf5 Bg6 29. Qe6 Qf2 30. Qxd6 Qxh4+ 31. Kg1 Rbc8 32. Qe6 Nf8 33. Qc4 Rd6
34. Qa6 Rcd8 35. Qxa5 Ne6 36. Ne2 Bh5 37. Rb1 Rg8 38. Qb4 Rdd8 39. Rf1 Rxg2+
40. Kxg2 Rg8+ 41. Ng3 Qxg3+ 0-1

[Event "26. Obert Vila de Sant Boi 2014"]
[Site "Sant Boi de Llobregat ESP"]
[Date "2014.04.04"]
[Round "1.3"]
[White "Gonzalez Verges, Alex"]
[Black "Cerdán Díaz, Isaac"]
[Result "1-0"]
[WhiteElo "2284"]
[BlackElo "1928"]
[PlyCount "55"]
[EventDate "2014.04.04"]
[EventType "swiss"]
[EventRounds "9"]
[EventCountry "ESP"]
[Source "lmi"]
[SourceDate "2014.04.04"]

1. e4 e6 2. d4 d5 3. e5 c5 4. Nf3 Qb6 5. Bd3 Nc6 6. O-O cxd4 7. a3 Nge7 8. b4
a6 9. Re1 Ng6 10. h4 Be7 11. h5 Nf8 12. Bf4 h6 13. Nbd2 g5 14. Bg3 Bd7 15. Nb3
f5 16. exf6 Bxf6 17. Rb1 O-O-O 18. Qe2 Be8 19. Nc5 Bxh5 20. Nxe6 Re8 21. b5
axb5 22. Rxb5 Qa7 23. Bf5 Nd7 24. Rxd5 Ne7 25. Rxd7 Kxd7 26. Nc5+ Kc6 27. Qe6+
Kxc5 28. Bd6+ 1-0

[Event "26. Obert Vila de Sant Boi 2014"]
[Site "Sant Boi de Llobregat ESP"]
[Date "2014.04.04"]
[Round "1.4"]
[White "Roche Peris, Eduard"]
[Black "Chalmeta Torredemer, Josep"]
[Result "0-1"]
[WhiteElo "1910"]
[BlackElo "2257"]
[PlyCount "64"]
[EventDate "2014.04.04"]
[EventType "swiss"]
[EventRounds "9"]
[EventCountry "ESP"]
[Source "lmi"]
[SourceDate "2014.04.04"]

1. d4 d5 2. Nf3 Nf6 3. c4 e6 4. Nc3 c6 5. cxd5 exd5 6. e3 Bd6 7. Be2 O-O 8. O-O
Re8 9. a3 Nbd7 10. b4 a6 11. Bb2 Nf8 12. Qc2 Bg4 13. h3 Bh5 14. Nh4 Bxe2 15.
Qxe2 Qd7 16. Rfe1 Rad8 17. Nf3 Ng6 18. Qd3 Ne4 19. Na4 Bb8 20. Nc5 Qc7 21. Qe2
f6 22. Nd3 Ng5 23. g3 Ne4 24. Nd2 Nxg3 25. fxg3 Qxg3+ 26. Qg2 Rxe3 27. Nf2 Qf4
28. Rxe3 Qxe3 29. Nf3 Nf4 30. Qg4 h5 31. Bc1 Qxc1+ 32. Rxc1 hxg4 0-1

[Event "26. Obert Vila de Sant Boi 2014"]
[Site "Sant Boi de Llobregat ESP"]
[Date "2014.04.04"]
[Round "1.5"]
[White "Prats Rodriguez, Joan Bosco"]
[Black "Alquezar Calpena, Marc"]
[Result "1-0"]
[WhiteElo "2208"]
[BlackElo "1908"]
[PlyCount "73"]
[EventDate "2014.04.04"]
[EventType "swiss"]
[EventRounds "9"]
[EventCountry "ESP"]
[Source "lmi"]
[SourceDate "2014.04.04"]

1. e4 e6 2. d3 d5 3. Qe2 Nf6 4. Nf3 dxe4 5. dxe4 Nc6 6. e5 Nd5 7. g3 b6 8. Bg2
Bb7 9. O-O Be7 10. Rd1 Qc8 11. a3 Bd8 12. b4 O-O 13. h4 Nb8 14. c4 Ne7 15. g4
c5 16. Nc3 Nd7 17. Qd3 Bxf3 18. Qxf3 Rb8 19. Nb5 Ng6 20. Nxa7 Qa6 21. Nc6 Ndxe5
22. Nxe5 Nxe5 23. Qe4 Qxc4 24. Bf4 Bf6 25. g5 Qxe4 26. Bxe4 Ng6 27. Bxb8 Bxa1
28. Bc7 Bc3 29. h5 Ne7 30. Bxb6 Bd4 31. bxc5 e5 32. a4 Nc8 33. a5 f5 34. Bd5+
Kh8 35. Rb1 Ne7 36. Bb7 Nc8 37. a6 1-0

[Event "26. Obert Vila de Sant Boi 2014"]
[Site "Sant Boi de Llobregat ESP"]
[Date "2014.04.04"]
[Round "1.6"]
[White "Santamaria Torres, Sergio"]
[Black "Miguel Centeno, David"]
[Result "1/2-1/2"]
[WhiteElo "1908"]
[BlackElo "2204"]
[PlyCount "103"]
[EventDate "2014.04.04"]
[EventType "swiss"]
[EventRounds "9"]
[EventCountry "ESP"]
[Source "lmi"]
[SourceDate "2014.04.04"]

1. e4 e5 2. Nf3 Nc6 3. Bc4 Bc5 4. c3 Nf6 5. d4 exd4 6. cxd4 Bb4+ 7. Nc3 Nxe4 8.
O-O Bxc3 9. d5 Bf6 10. Re1 Ne7 11. Rxe4 d6 12. Bg5 Bxg5 13. Nxg5 h6 14. Qe2
hxg5 15. Re1 Be6 16. Re3 Ng6 17. dxe6 f6 18. e7 Qd7 19. Be6 Qa4 20. Bb3 Qc6 21.
Rc3 Nf4 22. Qg4 Qd7 23. Qf3 c6 24. g3 Ng6 25. Qe4 Ne5 26. f4 d5 27. Qe2 gxf4
28. gxf4 Ng4 29. Bc2 f5 30. Rg3 Kf7 31. Qg2 Rxh2 32. Qxh2 Nxh2 33. Kxh2 Rh8+
34. Kg2 Qd6 35. Bxf5 Qxf4 36. Bg6+ Kf6 37. Rf1 Qxf1+ 38. Kxf1 Kxe7 39. Rg2 Kf6
40. Bd3 Rh3 41. Ke2 c5 42. Kd2 g5 43. Rf2+ Ke5 44. Rf5+ Kd4 45. Be2 Rg3 46. Rf7
b5 47. Bxb5 c4 48. Bxc4 dxc4 49. Rd7+ Kc5 50. Rxa7 Rg2+ 51. Kc3 Rg3+ 52. Kd2
1/2-1/2

[Event "26. Obert Vila de Sant Boi 2014"]
[Site "Sant Boi de Llobregat ESP"]
[Date "2014.04.04"]
[Round "1.7"]
[White "Bada Navarra, Jordi"]
[Black "Pascual Romero, Salvador"]
[Result "1-0"]
[WhiteElo "2201"]
[BlackElo "1904"]
[PlyCount "35"]
[EventDate "2014.04.04"]
[EventType "swiss"]
[EventRounds "9"]
[EventCountry "ESP"]
[Source "lmi"]
[SourceDate "2014.04.04"]

1. e4 d6 2. d4 Nf6 3. Nc3 g6 4. Be3 Bg7 5. f3 O-O 6. Qd2 Nbd7 7. O-O-O a6 8.
Bh6 b5 9. Bxg7 Kxg7 10. e5 Ne8 11. h4 c5 12. h5 Rh8 13. hxg6 hxg6 14. Rxh8 Kxh8
15. Qh6+ Kg8 16. Nh3 cxd4 17. Ng5 Ng7 18. Qh7+ 1-0

[Event "26. Obert Vila de Sant Boi 2014"]
[Site "Sant Boi de Llobregat ESP"]
[Date "2014.04.04"]
[Round "1.8"]
[White "Ramos Tarres, Gerard"]
[Black "Blasco Coll, Andreu"]
[Result "0-1"]
[WhiteElo "1880"]
[BlackElo "2182"]
[PlyCount "42"]
[EventDate "2014.04.04"]
[EventType "swiss"]
[EventRounds "9"]
[EventCountry "ESP"]
[Source "lmi"]
[SourceDate "2014.04.04"]

1. e4 c5 2. Nf3 e6 3. d4 cxd4 4. Nxd4 Nc6 5. Nc3 Qc7 6. Be3 a6 7. a3 Nf6 8. Qd2
Be7 9. f3 O-O 10. Be2 b5 11. O-O Bb7 12. Nd1 d5 13. Nf2 dxe4 14. Nxe4 Nxe4 15.
fxe4 Nxd4 16. Qxd4 Bd6 17. h3 Be5 18. Qb4 Qxc2 19. Bxb5 axb5 20. Qxb5 Qxe4 21.
Rf3 Ba6 0-1

[Event "26. Obert Vila de Sant Boi 2014"]
[Site "Sant Boi de Llobregat ESP"]
[Date "2014.04.04"]
[Round "1.9"]
[White "Langa Ramiro, Ricard"]
[Black "Pallares Gurrea, Aitor Alexand"]
[Result "1-0"]
[WhiteElo "2150"]
[BlackElo "1870"]
[PlyCount "33"]
[EventDate "2014.04.04"]
[EventType "swiss"]
[EventRounds "9"]
[EventCountry "ESP"]
[Source "lmi"]
[SourceDate "2014.04.04"]

1. d4 Nf6 2. Nf3 g6 3. Bg5 Bg7 4. Nbd2 d5 5. c3 Nbd7 6. e3 Ne4 7. Nxe4 dxe4 8.
Nd2 f5 9. Qb3 c6 10. Bc4 Nb6 11. Be2 Qd7 12. Nc4 Nxc4 13. Bxc4 e5 14. dxe5 b5
15. Bg8 Bb7 16. Rd1 Qc7 17. Qe6+ 1-0

[Event "26. Obert Vila de Sant Boi 2014"]
[Site "Sant Boi de Llobregat ESP"]
[Date "2014.04.11"]
[Round "2.1"]
[White "Ferrer Got, Juan"]
[Black "Sanchez Lopez, Juan M"]
[Result "0-1"]
[WhiteElo "2029"]
[BlackElo "2290"]
[PlyCount "40"]
[EventDate "2014.04.04"]
[EventType "swiss"]
[EventRounds "9"]
[EventCountry "ESP"]
[Source "lmi"]
[SourceDate "2014.04.04"]

1. e4 c5 2. Nf3 Nc6 3. d4 cxd4 4. Nxd4 Nf6 5. Nc3 e5 6. Ndb5 d6 7. Bg5 a6 8.
Bxf6 gxf6 9. Na3 b5 10. Nd5 Bg7 11. c3 O-O 12. Bd3 Ne7 13. Ne3 f5 14. g4 fxg4
15. Nf5 Nxf5 16. exf5 e4 17. Be2 b4 18. Nc2 bxc3 19. b3 d5 20. Rg1 d4 0-1

[Event "26. Obert Vila de Sant Boi 2014"]
[Site "Sant Boi de Llobregat ESP"]
[Date "2014.04.11"]
[Round "2.2"]
[White "Nieto Farreny, Francesc"]
[Black "Bonay Toscas, Santiago"]
[Result "1-0"]
[WhiteElo "2285"]
[BlackElo "2027"]
[PlyCount "85"]
[EventDate "2014.04.04"]
[EventType "swiss"]
[EventRounds "9"]
[EventCountry "ESP"]
[Source "lmi"]
[SourceDate "2014.04.04"]

1. d4 Nf6 2. c4 e6 3. Nc3 Bb4 4. e3 c5 5. Nge2 d5 6. a3 Bxc3+ 7. Nxc3 cxd4 8.
exd4 Nc6 9. Be3 O-O 10. c5 e5 11. Be2 exd4 12. Bxd4 Re8 13. O-O Ne4 14. Bf3
Nxd4 15. Qxd4 Nxc3 16. Qxc3 Qg5 17. Rad1 Be6 18. Rfe1 Rad8 19. b4 f6 20. Qd4
Kf8 21. Re3 Bf7 22. Rde1 Rxe3 23. Rxe3 Re8 24. h4 Qf5 25. Bg4 Qb1+ 26. Kh2 Rxe3
27. Qxe3 f5 28. Bf3 Qb2 29. Qf4 g6 30. Qd6+ Kg7 31. Bxd5 Qxf2 32. Qe5+ Kf8 33.
Bxb7 Qxh4+ 34. Kg1 Qc4 35. Bf3 Qc1+ 36. Kh2 Qxa3 37. Qd6+ Kg7 38. c6 Qc1 39. c7
Qh6+ 40. Kg3 f4+ 41. Qxf4 Qxf4+ 42. Kxf4 g5+ 43. Ke5 1-0

[Event "26. Obert Vila de Sant Boi 2014"]
[Site "Sant Boi de Llobregat ESP"]
[Date "2014.04.11"]
[Round "2.3"]
[White "Cardenas, Fernando Adrian"]
[Black "Gonzalez Verges, Alex"]
[Result "0-1"]
[WhiteElo "2020"]
[BlackElo "2284"]
[PlyCount "144"]
[EventDate "2014.04.04"]
[EventType "swiss"]
[EventRounds "9"]
[EventCountry "ESP"]
[Source "lmi"]
[SourceDate "2014.04.04"]

1. Nf3 Nf6 2. d4 g6 3. c4 Bg7 4. g3 O-O 5. Bg2 d6 6. O-O Nc6 7. Nc3 a6 8. Qd3
e5 9. dxe5 dxe5 10. Qxd8 Rxd8 11. Bg5 Re8 12. Rfd1 h6 13. Bxf6 Bxf6 14. Nd5 Bd8
15. Nd2 Nd4 16. e3 Ne6 17. Ne4 Kg7 18. b4 f5 19. Nd2 c6 20. Nc3 e4 21. Nb3 Bf6
22. Rac1 Kf7 23. Na4 Rb8 24. Nb6 Nc7 25. Bf1 Be6 26. Nc5 Red8 27. Nbd7 Bxd7 28.
Nxd7 Rbc8 29. Nxf6 Kxf6 30. Be2 c5 31. a3 Ke7 32. Kf1 Ne6 33. Rd5 Rd6 34. Rcd1
Rcd8 35. Ke1 b6 36. Rxd6 Rxd6 37. Rxd6 Kxd6 38. Kd2 Nd8 39. Kc3 Nc6 40. b5 Nb8
41. bxa6 Nxa6 42. Bd1 Nc7 43. Ba4 g5 44. Bd1 Ne6 45. Bh5 Nf8 46. Kb3 Nd7 47.
Be2 Ne5 48. Kc3 Kd7 49. Kc2 Kc7 50. Kc3 g4 51. Bf1 h5 52. h3 Kb7 53. hxg4 hxg4
54. Be2 Ka6 55. Kc2 Ka5 56. Kb3 Nf7 57. Bd1 Ng5 58. Kc3 Nh3 59. Kd2 Nxf2 60.
Bc2 Nh1 61. Ke2 Nxg3+ 62. Kf2 Nh5 63. Kg2 b5 64. cxb5 Kxb5 65. Bd1 Nf6 66. Be2+
Ka4 67. Bc4 Ne8 68. Kg3 Kxa3 69. Kf4 Nd6 70. Bf1 c4 71. Be2 c3 72. Bd1 Nc4 0-1

[Event "26. Obert Vila de Sant Boi 2014"]
[Site "Sant Boi de Llobregat ESP"]
[Date "2014.04.11"]
[Round "2.4"]
[White "Ferres Saez, Joan"]
[Black "Prats Rodriguez, Joan Bosco"]
[Result "0-1"]
[WhiteElo "2010"]
[BlackElo "2208"]
[PlyCount "106"]
[EventDate "2014.04.04"]
[EventType "swiss"]
[EventRounds "9"]
[EventCountry "ESP"]
[Source "lmi"]
[SourceDate "2014.04.04"]

1. e4 d6 2. d4 Nf6 3. Nc3 g6 4. Nf3 Bg7 5. h3 O-O 6. Be3 a6 7. a4 Nc6 8. Be2 e5
9. d5 Ne7 10. Qd2 Bd7 11. O-O c6 12. dxc6 Bxc6 13. Qd3 Qc7 14. Rfd1 d5 15. exd5
Nexd5 16. Nxd5 Nxd5 17. Qb3 Nxe3 18. Qxe3 a5 19. c3 Rad8 20. Bb5 Bd5 21. Re1 e4
22. Nd4 f5 23. Rad1 f4 24. Qc1 Qe5 25. Qc2 e3 26. f3 Qg5 27. Qe2 Bf7 28. Bc4
Bxd4 29. Bxf7+ Rxf7 30. Rxd4 Rxd4 31. cxd4 Qd5 32. Qd3 Rd7 33. Rd1 Re7 34. Qe2
Qb3 35. Ra1 Rc7 36. Qb5 Qxb5 37. axb5 b6 38. Kf1 Rc2 39. b4 axb4 40. Rb1 Rc4
41. d5 Rd4 42. d6 Kf7 43. Ke2 Ke6 44. Rb2 Kxd6 45. Rc2 Rd2+ 46. Rxd2+ exd2 47.
Kxd2 Kc5 48. h4 h5 49. Kc2 Kxb5 50. Kb3 Kc5 51. Kb2 Kc4 52. Kc2 b3+ 53. Kb1 Kc3
0-1

[Event "26. Obert Vila de Sant Boi 2014"]
[Site "Sant Boi de Llobregat ESP"]
[Date "2014.04.11"]
[Round "2.5"]
[White "Blasco Coll, Andreu"]
[Black "Povill Batlle, Ramon"]
[Result "1-0"]
[WhiteElo "2182"]
[BlackElo "1994"]
[PlyCount "31"]
[EventDate "2014.04.04"]
[EventType "swiss"]
[EventRounds "9"]
[EventCountry "ESP"]
[Source "lmi"]
[SourceDate "2014.04.04"]

1. d4 d5 2. c4 e5 3. dxe5 d4 4. Nf3 Nc6 5. a3 Be6 6. Qb3 Na5 7. Qa4+ c6 8. Nbd2
Ne7 9. Nxd4 Qxd4 10. Qxa5 Ng6 11. e3 Qg4 12. h3 Qh5 13. Be2 Qg5 14. Nf3 Qh6 15.
e4 Qh5 16. Ng5 1-0

[Event "26. Obert Vila de Sant Boi 2014"]
[Site "Sant Boi de Llobregat ESP"]
[Date "2014.04.11"]
[Round "2.6"]
[White "Barahona Junque, Bernabe"]
[Black "Langa Ramiro, Ricard"]
[Result "0-1"]
[WhiteElo "1975"]
[BlackElo "2150"]
[PlyCount "112"]
[EventDate "2014.04.04"]
[EventType "swiss"]
[EventRounds "9"]
[EventCountry "ESP"]
[Source "lmi"]
[SourceDate "2014.04.04"]

1. d4 d5 2. Nf3 Nf6 3. Bf4 c5 4. e3 Nc6 5. Nbd2 Qb6 6. Qc1 cxd4 7. exd4 Nxd4 8.
Be3 Nxf3+ 9. Nxf3 Qb4+ 10. c3 Qa5 11. Be2 e6 12. O-O Be7 13. Bd4 O-O 14. Qg5 h6
15. Qe3 Bd7 16. b4 Qa4 17. Bd1 Qa3 18. Bc2 a5 19. Rfb1 axb4 20. Rb3 Qa6 21.
cxb4 Rfc8 22. Bd1 Ba4 23. Be2 Bb5 24. Bxb5 Qxb5 25. a3 Ne4 26. Ne1 Qc4 27. Bb2
Nd2 28. Rd3 Bg5 29. Qg3 Ne4 30. Qf3 Bf6 31. Bxf6 Nxf6 32. Rad1 Qe4 33. h3 Qxf3
34. Nxf3 Ne4 35. Nd4 Rc3 36. Nb5 Rc2 37. Rf1 Rac8 38. f3 Ng3 39. Rf2 Rc1+ 40.
Kh2 Nf5 41. Rfd2 Ra1 42. Rd1 Rxd1 43. Rxd1 Rc2 44. Nd4 Nxd4 45. Rxd4 Kf8 46.
Rd3 Ke7 47. h4 Kd6 48. Kh3 e5 49. g3 d4 50. f4 Rc3 51. fxe5+ Kxe5 52. Rd1 Rxa3
53. Rc1 d3 54. Rc7 Ke4 55. Rxb7 d2 56. Rd7 Rd3 0-1

[Event "26. Obert Vila de Sant Boi 2014"]
[Site "Sant Boi de Llobregat ESP"]
[Date "2014.04.11"]
[Round "2.7"]
[White "Lopez Baena, David"]
[Black "Casasampera Boada, Joaquim"]
[Result "1/2-1/2"]
[WhiteElo "2149"]
[BlackElo "1990"]
[PlyCount "53"]
[EventDate "2014.04.04"]
[EventType "swiss"]
[EventRounds "9"]
[EventCountry "ESP"]
[Source "lmi"]
[SourceDate "2014.04.04"]

1. Nf3 Nf6 2. g3 b6 3. Bg2 Bb7 4. c4 g6 5. O-O Bg7 6. Nc3 O-O 7. d3 d6 8. e4
Nbd7 9. h3 a5 10. Be3 e6 11. Qd2 Nc5 12. Bg5 Qd7 13. Rfd1 Rad8 14. Nh2 e5 15.
Ng4 Nxg4 16. Bxd8 Rxd8 17. hxg4 Qxg4 18. Qe2 Qg5 19. Nd5 Ne6 20. Qe3 Qh5 21.
Bf3 Qh3 22. Bg2 Qh5 23. Bf3 Qh3 24. Bg2 Qh5 25. Qf3 Qg5 26. Qe3 Qh5 27. Bf3
1/2-1/2

[Event "26. Obert Vila de Sant Boi 2014"]
[Site "Sant Boi de Llobregat ESP"]
[Date "2014.04.11"]
[Round "2.8"]
[White "Vega Rangel, Lluis"]
[Black "Prats Alonso, Oscar"]
[Result "0-1"]
[WhiteElo "1970"]
[BlackElo "2114"]
[PlyCount "98"]
[EventDate "2014.04.04"]
[EventType "swiss"]
[EventRounds "9"]
[EventCountry "ESP"]
[Source "lmi"]
[SourceDate "2014.04.04"]

1. d4 Nf6 2. Nf3 g6 3. c3 Bg7 4. g3 O-O 5. Bg2 d6 6. O-O Nbd7 7. Nbd2 e5 8.
dxe5 Nxe5 9. Nxe5 dxe5 10. Nc4 Qe7 11. Bg5 h6 12. Bxf6 Bxf6 13. Qc2 c6 14. Rad1
Be6 15. Ne3 Qc7 16. b3 a5 17. c4 Bg7 18. c5 Rfd8 19. h4 h5 20. Rxd8+ Rxd8 21.
Rd1 Rxd1+ 22. Nxd1 Qd7 23. Nb2 Bf5 24. e4 Be6 25. Bf3 Qd4 26. Na4 Bf8 27. Kg2
Kg7 28. Be2 f5 29. Bd3 f4 30. gxf4 exf4 31. f3 Bc8 32. Bf1 Be7 33. Qf2 Qxf2+
34. Kxf2 Bxh4+ 35. Kg2 Be7 36. Bc4 Kf6 37. Nb6 Be6 38. Bxe6 Kxe6 39. Nc4 Bxc5
40. Nxa5 Bb4 41. Nxb7 Kd7 42. a3 Kc7 43. axb4 Kxb7 44. Kh3 g5 45. b5 cxb5 46.
b4 Kc6 47. Kh2 Kd6 48. Kh3 Ke5 49. Kg2 Kd4 0-1

[Event "26. Obert Vila de Sant Boi 2014"]
[Site "Sant Boi de Llobregat ESP"]
[Date "2014.04.11"]
[Round "2.9"]
[White "Gaona Gonzalez, Gerard"]
[Black "Sola Sendra, Francesc"]
[Result "1-0"]
[WhiteElo "2103"]
[BlackElo "1983"]
[PlyCount "85"]
[EventDate "2014.04.04"]
[EventType "swiss"]
[EventRounds "9"]
[EventCountry "ESP"]
[Source "lmi"]
[SourceDate "2014.04.04"]

1. Nf3 Nf6 2. d3 d5 3. Nbd2 Bf5 4. g3 c6 5. Bg2 h6 6. O-O Nbd7 7. Nh4 Bh7 8. e4
dxe4 9. dxe4 e6 10. Qe2 Qc7 11. b3 Be7 12. Bb2 O-O 13. f4 Bc5+ 14. Kh1 Rad8 15.
Rad1 b5 16. a3 a5 17. Rfe1 Rfe8 18. c4 b4 19. e5 bxa3 20. Ba1 Nd5 21. cxd5 cxd5
22. Rc1 Qb6 23. Nhf3 Rb8 24. Bf1 Rb7 25. Qa6 Reb8 26. Qxb6 Rxb6 27. Bd4 Bxd4
28. Nxd4 a2 29. Ra1 a4 30. Rxa2 axb3 31. Rb2 Nc5 32. Rc1 Ne4 33. N2xb3 Bg6 34.
Kg1 Ra8 35. Rbc2 Kh7 36. Nc5 Rb4 37. Nc6 Rb6 38. Ne7 Bh5 39. Nxe4 dxe4 40. Bg2
Re8 41. Bxe4+ g6 42. Nc8 Rb4 43. Nd6 1-0

[Event "26. Obert Vila de Sant Boi 2014"]
[Site "Sant Boi de Llobregat ESP"]
[Date "2014.04.11"]
[Round "2.10"]
[White "Boloix Pahissa, Xavier"]
[Black "Carreño Riera, Carles"]
[Result "0-1"]
[WhiteElo "1958"]
[BlackElo "2074"]
[PlyCount "66"]
[EventDate "2014.04.04"]
[EventType "swiss"]
[EventRounds "9"]
[EventCountry "ESP"]
[Source "lmi"]
[SourceDate "2014.04.04"]

1. e4 c5 2. d4 cxd4 3. c3 dxc3 4. Nxc3 Nc6 5. Bc4 Nf6 6. Nf3 e6 7. O-O Be7 8.
Qe2 O-O 9. Rd1 a6 10. Bf4 Qa5 11. Bb3 e5 12. Bg5 Nd4 13. Nxd4 exd4 14. Bxf6
Bxf6 15. Nd5 Qd8 16. Nxf6+ Qxf6 17. Qd3 b5 18. Qxd4 Qxd4 19. Rxd4 Re8 20. f3
Kf8 21. Rd5 Ke7 22. Rad1 Ra7 23. Rc5 f6 24. Rdc1 Ra8 25. Rc7 Rb8 26. a4 Bb7 27.
R1c5 Kd6 28. Rc2 Bc6 29. Ra7 bxa4 30. Rd2+ Kc5 31. Bd1 Kb6 32. Raxd7 Bxd7 33.
Rxd7 Red8 0-1

[Event "26. Obert Vila de Sant Boi 2014"]
[Site "Sant Boi de Llobregat ESP"]
[Date "2014.04.25"]
[Round "3.1"]
[White "Sanchez Lopez, Juan M"]
[Black "Gaona Gonzalez, Gerard"]
[Result "1-0"]
[WhiteElo "2290"]
[BlackElo "2103"]
[PlyCount "93"]
[EventDate "2014.04.04"]
[EventType "swiss"]
[EventRounds "9"]
[EventCountry "ESP"]
[Source "lmi"]
[SourceDate "2014.04.04"]

1. c4 d6 2. Nc3 e5 3. g3 Nf6 4. Bg2 Be7 5. d3 O-O 6. e3 c6 7. Nge2 Nbd7 8. O-O
Qc7 9. Rb1 b6 10. b4 Bb7 11. b5 c5 12. e4 Rfe8 13. f4 exf4 14. gxf4 Nf8 15. Ng3
Ng6 16. Nf5 Bf8 17. Ne2 Ne7 18. Ne3 g6 19. f5 g5 20. Ng3 Nd7 21. Ng4 f6 22.
Bxg5 Bg7 23. Nh6+ Kh8 24. Bf4 Ne5 25. Nh5 Ng8 26. Ng4 Qf7 27. Ng3 Rad8 28. Kh1
h5 29. Ne3 h4 30. Nh5 h3 31. Bf3 Bh6 32. Bxh6 Nxh6 33. Nf4 Rg8 34. Bh5 Qd7 35.
Nxh3 Rg7 36. Bf3 Rdg8 37. Qe2 Rh7 38. Nf4 Nhf7 39. Ne6 Nh6 40. Rg1 Rxg1+ 41.
Rxg1 Nxf5 42. Nf8 Nd4 43. Nxd7 Nxe2 44. Bxe2 Rxd7 45. Ng4 Nxc4 46. Nxf6 Rf7 47.
Rg8# 1-0

[Event "26. Obert Vila de Sant Boi 2014"]
[Site "Sant Boi de Llobregat ESP"]
[Date "2014.04.25"]
[Round "3.2"]
[White "Prats Alonso, Oscar"]
[Black "Nieto Farreny, Francesc"]
[Result "0-1"]
[WhiteElo "2114"]
[BlackElo "2285"]
[PlyCount "90"]
[EventDate "2014.04.04"]
[EventType "swiss"]
[EventRounds "9"]
[EventCountry "ESP"]
[Source "lmi"]
[SourceDate "2014.04.04"]

1. e4 c5 2. Nf3 Nc6 3. d4 cxd4 4. Nxd4 g6 5. c4 Bg7 6. Be3 Nf6 7. Nc3 Ng4 8.
Qxg4 Nxd4 9. Qd1 e5 10. Bd3 O-O 11. O-O d6 12. Rc1 f5 13. f3 f4 14. Bf2 g5 15.
Nb5 Be6 16. Nxd4 exd4 17. b3 Be5 18. Be2 Qf6 19. c5 Rac8 20. cxd6 Rxc1 21. Qxc1
Bxd6 22. Qd2 Be5 23. Rd1 Rd8 24. Qa5 a6 25. Qb6 Rd7 26. Kf1 Kg7 27. Qb4 h5 28.
h3 Kg6 29. Qb6 Bf7 30. Qxf6+ Kxf6 31. Bc4 Bxc4+ 32. bxc4 d3 33. Be1 Bb2 34. Bd2
Ke5 35. Rb1 Bd4 36. Rb3 Be3 37. Ke1 Kd4 38. Rc3 Rc7 39. Kd1 Rxc4 40. Rxc4+ Kxc4
41. h4 g4 42. fxg4 hxg4 43. Bxe3 fxe3 44. h5 Kc3 45. h6 d2 0-1

[Event "26. Obert Vila de Sant Boi 2014"]
[Site "Sant Boi de Llobregat ESP"]
[Date "2014.04.25"]
[Round "3.3"]
[White "Gonzalez Verges, Alex"]
[Black "Povill Claros, Xavier"]
[Result "1-0"]
[WhiteElo "2284"]
[BlackElo "2061"]
[PlyCount "101"]
[EventDate "2014.04.04"]
[EventType "swiss"]
[EventRounds "9"]
[EventCountry "ESP"]
[Source "lmi"]
[SourceDate "2014.04.04"]

1. c4 c5 2. Nf3 Nc6 3. Nc3 d6 4. g3 g6 5. Bg2 Bg7 6. d3 Nh6 7. Bg5 Nf5 8. Qc1
O-O 9. O-O h6 10. Bd2 Kh7 11. Rb1 Qd7 12. Ne1 e6 13. Nc2 Rb8 14. b4 b6 15. b5
Ncd4 16. Ne1 Ne7 17. e3 Ndf5 18. a4 Bb7 19. Nf3 h5 20. e4 Nd4 21. Nxd4 Bxd4 22.
Ne2 Bg7 23. a5 Ra8 24. h4 d5 25. Nf4 Rad8 26. Rd1 Qc7 27. Nh3 dxe4 28. Ng5+ Kg8
29. a6 Ba8 30. dxe4 Rd6 31. Bf4 e5 32. Be3 Rfd8 33. Qc2 Qd7 34. Rxd6 Qxd6 35.
Bf1 f6 36. Nh3 Qd7 37. f3 f5 38. Ng5 fxe4 39. fxe4 Qg4 40. Kh2 Qd7 41. Qf2 Rf8
42. Qe2 Rd8 43. Re1 Nc8 44. Bh3 Qe7 45. Be6+ Kf8 46. Rf1+ Ke8 47. Rf7 Qd6 48.
Rxg7 Bxe4 49. Bxc8 Qd1 50. Qxd1 Rxd1 51. Nxe4 1-0

[Event "26. Obert Vila de Sant Boi 2014"]
[Site "Sant Boi de Llobregat ESP"]
[Date "2014.04.25"]
[Round "3.4"]
[White "Prats Rodriguez, Joan Bosco"]
[Black "Carrasco Leon, Josep F"]
[Result "1/2-1/2"]
[WhiteElo "2208"]
[BlackElo "2058"]
[PlyCount "55"]
[EventDate "2014.04.04"]
[EventType "swiss"]
[EventRounds "9"]
[EventCountry "ESP"]
[Source "lmi"]
[SourceDate "2014.04.04"]

1. e4 e6 2. d4 d5 3. e5 c5 4. c3 Nc6 5. Nf3 Qb6 6. a3 c4 7. Nbd2 Na5 8. Be2 Bd7
9. O-O Be7 10. Re1 O-O-O 11. h4 f5 12. Rb1 Nh6 13. b3 cxb3 14. c4 Ba4 15. cxd5
exd5 16. Bd3 g6 17. Qe2 Nf7 18. Qe3 Kb8 19. g3 Rc8 20. Qe2 Rc5 21. Nf1 Qe6 22.
Ne3 Rhc8 23. Qd2 Nc6 24. Bf1 g5 25. hxg5 Nxg5 26. Nxg5 Bxg5 27. f4 Bd8 28. Bg2
1/2-1/2